| 000 | 02408nam a2200481 c 4500 | ||
|---|---|---|---|
| 999 |
_c92448 _d92448 |
||
| 003 | BLK | ||
| 005 | 20220214142929.0 | ||
| 008 | 180408b bul|||||r ||||||| ||bul|| | ||
| 010 | _aKNG00097227000 | ||
| 020 | _a954-91001-7-0 | ||
| 040 | _aBLK | ||
| 041 |
_aBUL _cBUL _hDEU _hENG _hRUS |
||
| 072 | 7 |
_2bullib _aН93 _xКраезнание - отраслова литература Н |
|
| 072 | 7 |
_2bullib _aК _xКраезнание |
|
| 080 |
_aКраезнание _b908 _x(497.215)(084.12) _z908(497.215)(084.12) |
||
| 080 |
_aДруги видове приложна графика - Пощенски картички, картинки за деца, запазени фабрични марки и др. _b769.9 _x(497.215) _z769.9(497.215) |
||
| 100 | 1 |
_aКузов, Румен Димитров _eпърви автор _9373736 |
|
| 139 |
_aКузов, Румен Димитров _bК 93 |
||
| 245 | 1 | 0 |
_aРусе _bИл. ретро гид _cРумен Димитров Кузов; прев. на англ. Ирен Лебедева; прев. на нем. Гергана Димитрова Обрешкова; прев. на рус. Йорданка Тодорова. |
| 257 | _aBGR | ||
| 260 |
_bКУЗ _c2010 _fРусе : Дунав прес |
||
| 300 |
_a272 с. _bс цв. ил., сн., факс., к. _c22 см |
||
| 380 | _a7 | ||
| 500 | _aКор. загл. Русе : Илюстриран гид в пощенски картички и документи. - Текст и на англ., нем., рус. ез. - Библиогр. с. 269-270. | ||
| 650 | 4 |
_aРусе - албуми _9280077 |
|
| 650 | 4 |
_aПощенски картички, български - история - Русе _9280076 |
|
| 650 | 4 |
_aГрадове, български _9264012 |
|
| 651 | 4 |
_aРусе _9179462 |
|
| 651 | 4 |
_aБългария _9241624 |
|
| 653 | _aРусе | ||
| 653 | _aпощенски картички | ||
| 653 | _aградове | ||
| 659 | _aК | ||
| 659 | _aН | ||
| 700 | 1 |
_aЛебедева, Ирен _eпрев. на англ. _9304902 |
|
| 700 | 1 |
_aОбрешкова, Гергана Димитрова _eпрев. на нем. _9304903 |
|
| 700 | 1 |
_aТодорова, Йорданка _eпрев. на рус. _9373737 |
|
| 852 | _aЦб 302175 | ||
| 852 | _aК 908/К 93 Р | ||
| 856 | 4 | _qpdf | |
| 856 | 4 | _qpdf | |
| 942 |
_cKNG _n0 _03 _s1 |
||
| 944 |
_aCR _c07.10.2010 _kВаля_Йорданова |
||
| 944 |
_aED _c15.01.2016 _kВиолета_Тройчева |
||
| 999 | _d92448 | ||
| 999 | _d92448 | ||